000 00291nam a22001337a 4500
008 170801b xxu||||| |||| 00| 0 eng d
020 _a9780911261097
041 _aeng
080 _23RD
_a004
100 _a32
101 _aSHK
245 _aTHE BARCODE BOOK
_cPALMER,R.C
942 _2udc
_cBK
999 _c22439
_d22439